Most military aid pledged to Ukraine as a percentage of GDP - Statistics

General Stats
  • This quiz has been taken 1,242 times
  • The average score is 13 of 15
Answer Stats
# Amount Country % Correct
14 0.22% USA
98%
4 0.44% Poland
96%
9 0.26% UK
94%
7 0.31% Finland
91%
13 0.22% Sweden
91%
5 0.38% Norway
89%
3 0.77% Lithuania
88%
2 1.08% Estonia
87%
1 1.18% Latvia
87%
10 0.25% Czech Republic
81%
11 0.24% Denmark
81%
15 0.22% Slovakia
81%
8 0.28% Netherlands
78%
6 0.37% Bulgaria
68%
12 0.23% Croatia
66%
No matching quizzes found
Score Distribution
Percent of People with Each Score
Percentile by Number Answered
Your Score History
You have not taken this quiz